Statistiques concernant ONE PIECE - tous les personnages apparaissants sur les couvertures

Cliquez ici pour prendre le quiz!

Statistiques générales

  • Ce quiz a été pris 6 fois
  • Le résultat moyen est 133 sur 317

Statistiques - réponses

HintRéponse% Correct
Lao G
100%
Tome 1Monkey D. Luffy
100%
Nami
100%
Roronoa Zoro
100%
Sanji Vinsmoke
100%
Usopp
100%
Arlong
75%
Baggy
75%
Bartholomew Kuma
75%
Bentham
75%
Boa Hancock
75%
Brook
75%
Carotte
75%
Carrot
75%
Charlotte Linlin
75%
Charlotte Mont d'Or
75%
Chopper
75%
Crocodile
75%
Don Krieg
75%
Don Quichote Doflamingo
75%
Drophy
75%
Edward Newgate
75%
Eustass Kid
75%
Franky
75%
Galdino
75%
Gecko Moria
75%
Gem
75%
Igaram
75%
Jango
75%
Jinbei
75%
Joz
75%
Kaya
75%
Kuro
75%
Marco
75%
Marshall D. Teach
75%
Meuh-Meuh
75%
Momonosuke Kozuki
75%
Monkey D. Garp
75%
Mr 13
75%
Mr 9
75%
Nefertari Vivi
75%
Nico Robin
75%
Octy
75%
Oignon
75%
Piment
75%
Silvers Rayleigh
75%
Trafalgar D. Law
75%
Zala
75%
Absalom
50%
Alber
50%
Aokiji Kuzan
50%
Babe
50%
Baby 5
50%
Bartolomeo
50%
Basil Hawkins
50%
Bellamy
50%
Black Maria
50%
Blamenco
50%
Blueno
50%
Borsalino Kizaru
50%
Brogy
50%
Buchi
50%
Cabaji
50%
Camie
50%
Capone Bege
50%
Cavendish
50%
Cesar Clown
50%
Charlotte Brûlée
50%
Charlotte Chiffon
50%
Charlotte Cracker
50%
Charlotte Katakuri
50%
Charlotte Laura
50%
Charlotte Pudding
50%
Cindry
50%
Curiel
50%
Curly Dadan
50%
Daz Boness
50%
Diamante
50%
Dorry
50%
Emporio Ivankov
50%
Ener
50%
Foxy
50%
Fujitora Issho
50%
Gyn
50%
Haruta
50%
Hiluluk
50%
Hiyori Kozuki
50%
Hody Jones
50%
Hogback
50%
Icebarg
50%
Inazuma
50%
Inuarashi
50%
Izo
50%
Jewelry Bonney
50%
Kaido
50%
Kaku
50%
Kalifa
50%
Kaloo
50%
Kanjuro
50%
Killer
50%
Kinemon
50%
Kiwi
50%
Koala
50%
Kokoro
50%
Kozah
50%
Kumadori
50%
Kuroobi
50%
Kyros
50%
Leo
50%
Makino
50%
Mikita
50%
Mino-Koala
50%
Minotaure
50%
Miss friday
50%
Miss Monday
50%
Monet
50%
Monkey D. Dragon
50%
Morge
50%
Mozu
50%
Napoléon
50%
Nekomamushi
50%
Neptune
50%
Oden Kozuki
50%
Oz
50%
Page One
50%
Pappag
50%
Perona
50%
Pica
50%
Portgas D. Ace
50%
Prométhée
50%
Queen
50%
Raizo
50%
Rebecca
50%
Riku Dold III
50%
Rob Lucci
50%
Sabo
50%
Sai
50%
Sakazuki Akainu
50%
Scratchmen Apoo
50%
Sengoku
50%
Senor Pink
50%
Sentomaru
50%
Sham
50%
Shanks
50%
Shiraoshi
50%
Smack
50%
Smoker
50%
Spandam
50%
Sugar
50%
Tama
50%
Tashigi
50%
Trebol
50%
Ulti
50%
Urouge
50%
Van Der Decken
50%
Végapunk
50%
Vista
50%
Wanda
50%
Wapol
50%
X-Drake
50%
Yamato
50%
Zeus
50%
Aisa
25%
Ashura Doji
25%
Atlas
25%
Atmos
25%
Baccura
25%
Bakkin
25%
Baskerville
25%
Bee Anne
25%
Big Pan
25%
Black Back
25%
Blenheim
25%
Boa Marigold
25%
Boa Sandersonia
25%
Bomba
25%
Boo
25%
Braham
25%
Buffalo
25%
Capone Pets
25%
Chaka
25%
Chao
25%
Charlotte Compote
25%
Charlotte Daifuku
25%
Charlotte Opéra
25%
Charlotte Oven
25%
Charlotte Perospero
25%
Charlotte Prâlinée
25%
Charlotte Smoothie
25%
Chess
25%
Chimney
25%
Conis
25%
Daruma
25%
Dellinger
25%
Denjiro
25%
Don Chinjao
25%
Dosun
25%
Edward Weevil
25%
Elizabello II
25%
Farul
25%
Fisher Tiger
25%
Flapper
25%
Fossa
25%
Fukaboshi
25%
Fukuro
25%
Funkfreed
25%
Gan Forr
25%
Gatz
25%
Gedatsu
25%
Genbo
25%
Giovanni
25%
Gladius
25%
Gles
25%
Gol D. Roger
25%
Gomorrhe
25%
Gonbei
25%
Gotti
25%
Haguar D. Sauro
25%
Hajrudin
25%
Hamburg
25%
Hannyabal
25%
Hattori
25%
Hermep
25%
Hibari
25%
Hyogoro
25%
Hyouzou
25%
Icaros Muchi
25%
Ichiji Vinsmoke
25%
Ichika
25%
Ideo
25%
Inhel
25%
Jabura
25%
Jesus Burgess
25%
Jora
25%
Judge Vinsmoke
25%
Kaashi
25%
Kabu
25%
Kalgara
25%
Kamakiri
25%
Kapoty
25%
Kawamatsu
25%
Kikunojo
25%
Kingdew
25%
Koby
25%
Kujaku
25%
Kumacy
25%
Kuromarimo
25%
Laki
25%
Lassou
25%
Lombric
25%
Longs-Cils
25%
Machvise
25%
Magellan
25%
Manshelly
25%
Marianne
25%
Masira
25%
Megalo
25%
Mino-Rhinocéros
25%
Mino-Zèbre
25%
Mocha
25%
Monda
25%
Montblanc Norland
25%
Nefertari Cobra
25%
Nero
25%
Nico Olvia
25%
Niji Vinsmoke
25%
Nika
25%
Nola
25%
Ohm
25%
Oimo
25%
Orlumbus
25%
Otohime
25%
Oyakata
25%
Pauly
25%
Pearl
25%
Pedro
25%
Pekoms
25%
Pell
25%
Pickles
25%
Pierre
25%
Porché
25%
Rakuyo
25%
Rampo
25%
Reiju Vinsmoke
25%
Rody
25%
Sadi
25%
Saldeath
25%
Salomé
25%
Sanka
25%
Sasaki
25%
Satori
25%
Shojo
25%
Shura
25%
Sicilion
25%
Sodome
25%
Speed Jilly
25%
Streusen
25%
Surume
25%
Tamago
25%
T-Bone
25%
Toko
25%
Tsuru
25%
Tweetums
25%
Viola
25%
Vito
25%
Wadatsumi
25%
Wanzé
25%
Who's Who
25%
Wicca
25%
Wiper
25%
Yasuie Shimotsuki
25%
Yomo
25%
Yonji Vinsmoke
25%
Yonka
25%
Yonka Two
25%
Zeo
25%
Morgans
0%

Distribution des résultats

Percentile par nombre de réponses

% des personnes avec chaque résultat

Votre développement - résultats

Vous n’avez pas pris ce quiz